00353nam a22001097a 4500020001800000082001700018100002200035245008000057260005200137300001100189880004300200 a9787569909395 a320.973bTOC aTocqueville, Law  aOn American Democracy (Top and Bottom) (Chinese Edition) /cLaw Tocqueville aChina :bBeijing Times Chines Bookstore,c2016. aVolume 6245-02\ra论美国的民主(上下) /